[Event "St Petersburg-ch 93rd"]
[Site "St Petersburg"]
[Date "2020.09.29"]
[Round "8"]
[White "Aleksandrov, Danila"]
[Black "Nasibullin, Iskander"]
[Result "1-0"]
[WhiteElo "2202"]
[BlackElo "2130"]
[PlyCount "65"]
[EventDate "2020.09.22"]
[EventType "swiss"]
[EventRounds "9"]
[EventCountry "RUS"]
[SourceTitle "EXT 2021"]
[Source "ChessBase"]
[SourceDate "2020.10.23"]
[SourceVersion "1"]
[SourceVersionDate "2020.10.23"]
[SourceQuality "1"]

1. d4 Nf6 2. c4 e6 3. Nc3 Bb4 4. Bg5 c5 5. d5 d6 6. e3 exd5 7. cxd5 Nbd7 8. Bd3 Qa5 9. Nge2 Nxd5 10. 0-0 Bxc3 11. bxc3 c4 12. Bc2 0-0 13. Bh4 Ne5 14. Qd4 Re8 15. e4 Nb6 16. Qxd6 Ng6 17. Bd8 Bg4 18. Bxb6 axb6 19. f3 Red8 20. Qc7 Rd7 21. Qg3 Rd2 22. Bd1 Bd7 23. f4 Qc5+ 24. Kh1 f6 25. Nd4 Rd3 26. Qe1 Ra3 27. Rc1 Qd6 28. g3 Rxa2 29. Be2 Re3 30. Bxc4+ Kf8 31. Qxe3 Rb2 32. Rb1 Qa3 33. Qc1 1-0

[Event "St Petersburg-ch 93rd"]
[Site "St Petersburg"]
[Date "2020.09.23"]
[Round "2.5"]
[White "Levin, Evgeny A"]
[Black "Nasibullin, Iskander"]
[Result "1-0"]
[WhiteElo "2505"]
[BlackElo "2130"]
[PlyCount "207"]
[EventDate "2020.09.22"]
[EventType "swiss"]
[EventRounds "9"]
[EventCountry "RUS"]
[SourceTitle "EXT 2021"]
[Source "ChessBase"]
[SourceDate "2020.10.23"]
[SourceVersion "1"]
[SourceVersionDate "2020.10.23"]
[SourceQuality "1"]

1. d4 Nf6 2. c4 e6 3. Nf3 b6 4. g3 Bb7 5. Bg2 Be7 6. 0-0 0-0 7. Nc3 Ne4 8. Bd2 d5 9. cxd5 exd5 10. Rc1 Nd7 11. Bf4 c5 12. Nxe4 dxe4 13. Nd2 f5 14. b4 g5 15. dxc5 gxf4 16. c6 Ba6 17. b5 Nc5 18. bxa6 fxg3 19. hxg3 Qc7 20. e3 Rad8 21. Qe2 Qxc6 22. Nb3 Qg6 23. Nxc5 Bxc5 24. Rfd1 Kg7 25. Rxd8 Rxd8 26. Rd1 Rxd1+ 27. Qxd1 Qd6 28. Qe2 Qe6 29. Bh3 Kg6 30. Qb2 Qd5 31. Qh8 Qd1+ 32. Bf1 Qg4 33. Qe8+ Kh6 34. Qd7 Qg6 35. Kh2 b5 36. Bh3 Kg5 37. Qxb5 Qd6 38. Qc4 h5 39. Qg8+ Qg6 40. Qd5 Bd6 41. Kg2 Bc7 42. Qd7 Bb6 43. a4 Qf6 44. Qc8 h4 45. g4 fxg4 46. Bxg4 Qe5 47. Qg8+ Kh6 48. Qf8+ Kg6 49. Bd7 h3+ 50. Bxh3 Bc5 51. Qg8+ Kh6 52. Bg4 Qg5 53. Qh8+ Kg6 54. Qe8+ Kf6 55. Qe6+ Kg7 56. Qxe4 Qe7 57. Qd5 Kf6 58. Bh5 Qg7+ 59. Kf3 Qe7 60. Ke2 Qc7 61. f4 Ke7 62. Qf7+ Kd6 63. Qf6+ Kd7 64. Bg4+ Ke8 65. Bh5+ Kd7 66. Bf3 Bd6 67. Qf7+ Kd8 68. Qg8+ Ke7 69. Be4 Qc5 70. Qh7+ Kd8 71. Kf3 Be7 72. Qg8+ Kc7 73. Qe6 Qd6 74. Qc4+ Qc5 75. Qb5 Bd6 76. Bd5 Be7 77. Be6 Qc6+ 78. Bd5 Qc5 79. Qb7+ Kd8 80. Qb8+ Kd7 81. Qg8 Qd6 82. Qg4+ Kc7 83. e4 Qa3+ 84. Kg2 Qb2+ 85. Kh3 Qc3+ 86. Qg3 Qh8+ 87. Kg2 Qb2+ 88. Qf2 Qg7+ 89. Kf3 Qc3+ 90. Qe3 Qxe3+ 91. Kxe3 Bc5+ 92. Kd3 Kd6 93. Bg8 Bg1 94. e5+ Ke7 95. f5 Bh2 96. Ke4 Kf8 97. Bc4 Bg3 98. f6 Be1 99. e6 Bb4 100. Bb5 Ba3 101. Kd5 Bb4 102. Kc6 Bc3 103. e7+ Kf7 104. Kd7 1-0

[Event "EU-ch blitz"]
[Site "Tallinn"]
[Date "2019.12.07"]
[Round "4"]
[White "Nasibullin, Iskander"]
[Black "Schneider, Ilja"]
[Result "0-1"]
[WhiteElo "2171"]
[BlackElo "2483"]
[PlyCount "78"]
[EventDate "2019.12.07"]
[EventType "swiss (blitz)"]
[EventRounds "22"]
[EventCountry "EST"]
[SourceTitle "CBM 193 Extra"]
[Source "ChessBase"]
[SourceDate "2020.01.31"]
[SourceVersion "1"]
[SourceVersionDate "2020.01.31"]
[SourceQuality "1"]

1. e4 Nc6 2. Nf3 f5 3. d3 d6 4. Nc3 Nf6 5. Bg5 e5 6. Nh4 fxe4 7. Nxe4 Be7 8. Bxf6 Bxf6 9. Qh5+ Ke7 10. Nxf6 gxf6 11. 0-0-0 Qe8 12. Qf3 Nd4 13. Qe3 Qa4 14. Qd2 Qxa2 15. Qc3 Qa1+ 16. Kd2 Qa4 17. Nf3 Nxf3+ 18. gxf3 Qf4+ 19. Ke2 c5 20. Rg1 Be6 21. Rg7+ Kf8 22. Rg3 Rg8 23. Bh3 Bxh3 24. Rxh3 Rg7 25. Rg3 Qb4 26. Rxg7 Qxc3 27. Rxh7 Qxc2+ 28. Rd2 Kg8 29. Rxc2 Kxh7 30. b4 cxb4 31. Rc7+ Kg6 32. Rxb7 a5 33. Kd2 Kf5 34. Kc2 Rh8 35. Rf7 Rxh2 36. Kb3 Rxf2 37. Ka4 Rxf3 38. Kxa5 b3 39. Rb7 Rxd3 0-1

[Event "Chigorin Memorial 27th"]
[Site "St Petersburg"]
[Date "2019.10.09"]
[Round "5"]
[White "Ovchinnikov, Vsevolod"]
[Black "Nasibullin, Iskander"]
[Result "1-0"]
[WhiteElo "2345"]
[BlackElo "2123"]
[PlyCount "61"]
[EventDate "2019.10.05"]
[EventType "swiss"]
[EventRounds "9"]
[EventCountry "RUS"]
[SourceTitle "EXT 2020"]
[Source "ChessBase"]
[SourceDate "2019.10.17"]
[SourceVersion "1"]
[SourceVersionDate "2019.10.17"]
[SourceQuality "1"]

1. d4 Nf6 2. c4 e6 3. g3 d5 4. Nf3 Bb4+ 5. Bd2 Bd6 6. Nc3 c6 7. Bg5 h6 8. Bxf6 Qxf6 9. e4 dxe4 10. Nxe4 Bb4+ 11. Ke2 Qg6 12. Qd3 f5 13. Nc3 Nd7 14. Bg2 Qf6 15. Rhe1 0-0 16. Kf1 Bd6 17. c5 Bc7 18. Qc4 Qf7 19. Qxe6 Qxe6 20. Rxe6 Nxc5 21. Re2 Nd7 22. d5 Nb6 23. Nd4 f4 24. dxc6 bxc6 25. Bxc6 Bh3+ 26. Bg2 Rad8 27. Bxh3 Rxd4 28. Nb5 f3 29. Rc2 Be5 30. Nxd4 Bxd4 31. Rd1 1-0

[Event "Chigorin Memorial 27th"]
[Site "St Petersburg"]
[Date "2019.10.05"]
[Round "1"]
[White "Fedorov, Egor1"]
[Black "Nasibullin, Iskander"]
[Result "0-1"]
[WhiteElo "1489"]
[BlackElo "2123"]
[PlyCount "56"]
[EventDate "2019.10.05"]
[EventType "swiss"]
[EventRounds "9"]
[EventCountry "RUS"]
[SourceTitle "EXT 2020"]
[Source "ChessBase"]
[SourceDate "2019.10.17"]
[SourceVersion "1"]
[SourceVersionDate "2019.10.17"]
[SourceQuality "1"]

1. c4 e5 2. g3 Nf6 3. Bg2 d5 4. Nc3 dxc4 5. Qa4+ c6 6. Qxc4 Be6 7. Qa4 Nbd7 8. d3 Nc5 9. Qc2 Qa5 10. Rb1 Bxa2 11. b4 Bxb1 12. Qxb1 Nxd3+ 13. Qxd3 Bxb4 14. Bb2 Rd8 15. Qc2 Nd5 16. Bxd5 cxd5 17. Kd1 Rc8 18. Qa4+ Qxa4+ 19. Nxa4 b5 20. Bxe5 bxa4 21. e3 f6 22. Bd4 Kf7 23. Ne2 Rc4 24. Nf4 Rhc8 25. Ke2 a5 26. Nxd5 a3 27. Ra1 Rc2+ 28. Kf3 Rc1 0-1

[Event "EU-ch blitz"]
[Site "Skopje"]
[Date "2018.12.06"]
[Round "1"]
[White "Nasibullin, Iskander"]
[Black "Navara, David"]
[Result "0-1"]
[WhiteElo "2091"]
[BlackElo "2736"]
[PlyCount "92"]
[EventDate "2018.12.06"]
[EventType "swiss (blitz)"]
[EventRounds "22"]
[EventCountry "MKD"]
[SourceTitle "CBM 187 Extra"]
[Source "ChessBase"]
[SourceDate "2018.11.04"]
[SourceVersion "1"]
[SourceVersionDate "2018.11.04"]
[SourceQuality "1"]

1. e4 c5 2. Nf3 d6 3. d4 cxd4 4. Nxd4 Nf6 5. Nc3 a6 6. Bc4 e6 7. a3 Be7 8. Ba2 0-0 9. 0-0 b5 10. f4 Bb7 11. Qe2 Nbd7 12. e5 dxe5 13. fxe5 Bc5 14. Be3 Qb6 15. Rad1 Nd5 16. Bxd5 exd5 17. b4 Bxd4 18. Bxd4 Qe6 19. Rd3 Rac8 20. Rg3 Rc4 21. Qe3 Re8 22. Ne2 Nxe5 23. Nf4 Qe7 24. Nh5 Ng6 25. Qxe7 Rxe7 26. c3 f6 27. h4 Rc8 28. Rg4 Bc6 29. Ng3 Bd7 30. Nf5 Bxf5 31. Rxf5 Ne5 32. Rg3 Kf7 33. Re3 Rce8 34. Kf1 g6 35. Rf2 Ng4 36. Rxe7+ Rxe7 37. Rf4 Re4 38. Rxe4 dxe4 39. Ke2 Ke6 40. g3 Kd5 41. Kd2 f5 42. Bb6 Ne5 43. Be3 Nc4+ 44. Ke2 Nxe3 45. Kxe3 Kc4 46. Kd2 Kb3 0-1

[Event "Rilton Cup 47th"]
[Site "Stockholm"]
[Date "2018.01.05"]
[Round "9"]
[White "Nasibullin, Iskander"]
[Black "Kumar, Nikhil"]
[Result "0-1"]
[WhiteElo "2088"]
[BlackElo "2271"]
[PlyCount "120"]
[EventDate "2017.12.27"]
[EventType "swiss"]
[EventRounds "9"]
[EventCountry "SWE"]
[SourceTitle "CBM 182 Extra"]
[Source "ChessBase"]
[SourceDate "2018.02.23"]
[SourceVersion "1"]
[SourceVersionDate "2018.02.23"]
[SourceQuality "1"]

1. e4 c6 2. c4 d5 3. exd5 cxd5 4. cxd5 Nf6 5. Nc3 Nxd5 6. Nf3 Nxc3 7. bxc3 Qc7 8. d4 e6 9. Bd2 Nd7 10. Bd3 Bd6 11. 0-0 b6 12. Re1 Bb7 13. h3 0-0 14. Qe2 Rfe8 15. Ne5 Nxe5 16. dxe5 Bc5 17. Rad1 Rac8 18. Qg4 Bf8 19. c4 Ba6 20. Qe4 g6 21. Rc1 Bb7 22. Qh4 Red8 23. Re3 Bc5 24. Rg3 Qc6 25. Qg5 Rd7 26. Be2 Be7 27. Qh6 Rcd8 28. Be3 Qe4 29. Qf4 Ba3 30. Re1 Bb4 31. Rf1 Qxf4 32. Bxf4 Bd2 33. Be3 Ba6 34. Bxd2 Rxd2 35. Ra3 Rxe2 36. Rxa6 Rd7 37. a4 Rxe5 38. a5 b5 39. cxb5 Rxb5 40. g3 Rb2 41. Kg2 Ra2 42. Kf3 Kg7 43. h4 Kf6 44. Ke4 Ra4+ 45. Kf3 Kf5 46. Re1 Ra3+ 47. Kg2 h6 48. Re2 g5 49. hxg5 hxg5 50. Rc2 g4 51. Rc5+ e5 52. Rc2 Rb7 53. Re2 f6 54. Rd2 Rb1 55. Rdd6 Raa1 56. Rxf6+ Ke4 57. f3+ gxf3+ 58. Kh3 Ke3 59. Rae6 f2 60. Rxe5+ Kd4 0-1

[Event "Rilton Cup 47th"]
[Site "Stockholm"]
[Date "2018.01.02"]
[Round "6"]
[White "Seo, Jung Min"]
[Black "Nasibullin, Iskander"]
[Result "1/2-1/2"]
[WhiteElo "2389"]
[BlackElo "2088"]
[PlyCount "103"]
[EventDate "2017.12.27"]
[EventType "swiss"]
[EventRounds "9"]
[EventCountry "SWE"]
[SourceTitle "CBM 182 Extra"]
[Source "ChessBase"]
[SourceDate "2018.02.23"]
[SourceVersion "1"]
[SourceVersionDate "2018.02.23"]
[SourceQuality "1"]

1. e4 c5 2. Nf3 e6 3. c3 d5 4. e5 Nc6 5. d4 Qb6 6. a3 c4 7. Nbd2 Na5 8. Be2 Bd7 9. 0-0 Ne7 10. a4 Ng6 11. g3 f6 12. Rb1 fxe5 13. Nxe5 Nxe5 14. dxe5 Bc5 15. Nf3 Nb3 16. Qc2 0-0-0 17. a5 Nxa5 18. Nd4 Bxd4 19. cxd4 Be8 20. Bg5 Bg6 21. Bxd8 Rxd8 22. Qc3 Bxb1 23. Rxb1 Nc6 24. Rd1 g6 25. Bg4 Re8 26. h4 Qb4 27. Qc1 b5 28. Qf4 a5 29. h5 Qe7 30. hxg6 hxg6 31. Kg2 Kc7 32. Rh1 Rf8 33. Qe3 b4 34. Ra1 Rh8 35. Bh3 Kb6 36. Bg4 Ra8 37. Be2 a4 38. f4 a3 39. b3 cxb3 40. Qxb3 Nxd4 41. Qe3 Qc5 42. Rc1 Qxc1 43. Qxc1 a2 44. Qb2 Nc2 45. Qxc2 a1Q 46. Qxg6 Qc3 47. Qxe6+ Qc6 48. Qe7 Qc5 49. Qf6+ Qc6 50. Qe7 Qc5 51. Qf6+ Qc6 52. Qe7 1/2-1/2

[Event "EU-ch rapid"]
[Site "Katowice"]
[Date "2017.12.17"]
[Round "7"]
[White "Nasibullin, Iskander"]
[Black "Stocek, Jiri"]
[Result "0-1"]
[WhiteElo "2088"]
[BlackElo "2566"]
[PlyCount "122"]
[EventDate "2017.12.16"]
[EventType "swiss (rapid)"]
[EventRounds "11"]
[EventCountry "POL"]
[SourceTitle "CBM 182 Extra"]
[Source "ChessBase"]
[SourceDate "2018.02.23"]
[SourceVersion "1"]
[SourceVersionDate "2018.02.23"]
[SourceQuality "1"]

1. e4 g6 2. d4 Bg7 3. Nc3 d6 4. Be3 a6 5. a4 Nf6 6. f3 0-0 7. Qd2 Nc6 8. Nge2 e5 9. Rd1 Bd7 10. g3 Re8 11. Bg2 exd4 12. Nxd4 d5 13. 0-0 dxe4 14. Nxe4 Nxe4 15. fxe4 Ne5 16. Bg5 Qc8 17. b3 Bg4 18. Rde1 Qd7 19. Nf3 Qxd2 20. Nxd2 h6 21. Be3 Rad8 22. h3 Be6 23. Kh2 Nc6 24. Nf3 Nb4 25. Re2 Na2 26. Rd2 Rxd2 27. Bxd2 Nc3 28. Re1 c5 29. e5 Nd5 30. c4 Ne7 31. Ba5 Nc8 32. Rd1 Bf5 33. Rd8 Rxd8 34. Bxd8 Be4 35. Bc7 Kf8 36. Kg1 Ke7 37. Kf2 Kd7 38. Bb8 b6 39. Ke3 Bc2 40. Nd2 Ne7 41. Be4 Nf5+ 42. Bxf5+ Bxf5 43. g4 Bc2 44. Bd6 f6 45. exf6 Bxf6 46. Bf8 Bg5+ 47. Ke2 a5 48. h4 Bf4 49. h5 gxh5 50. gxh5 Ke6 51. Bg7 Kf5 52. Bc3 Kg5 53. Nf3+ Kxh5 54. Bd2 Bxd2 55. Nxd2 Kg4 56. Ke3 h5 57. Nf3 Kg3 58. Ng5 h4 59. Kd2 Bxb3 60. Kc3 Bxa4 61. Ne4+ Kg2 0-1

[Event "EU-ch rapid"]
[Site "Katowice"]
[Date "2017.12.16"]
[Round "4"]
[White "Heberla, Bartlomiej"]
[Black "Nasibullin, Iskander"]
[Result "1-0"]
[WhiteElo "2555"]
[BlackElo "2088"]
[PlyCount "77"]
[EventDate "2017.12.16"]
[EventType "swiss (rapid)"]
[EventRounds "11"]
[EventCountry "POL"]
[SourceTitle "CBM 182 Extra"]
[Source "ChessBase"]
[SourceDate "2018.02.23"]
[SourceVersion "1"]
[SourceVersionDate "2018.02.23"]
[SourceQuality "1"]

1. d4 Nf6 2. c4 e6 3. Nf3 b6 4. a3 Bb7 5. Nc3 Be7 6. e3 d5 7. cxd5 exd5 8. Bd3 0-0 9. b4 a6 10. 0-0 Re8 11. Bb2 Nbd7 12. Ne2 Bd6 13. Ng3 Ne4 14. Rc1 g6 15. Qc2 Qe7 16. Ne5 f6 17. Nc6 Bxc6 18. Qxc6 f5 19. Qxd5+ Kf8 20. Bxe4 Nf6 21. Nxf5 Qxe4 22. Qxe4 Nxe4 23. Nxd6 cxd6 24. f3 Nf6 25. e4 Rec8 26. d5 Ke7 27. Bxf6+ Kxf6 28. Rc6 Rxc6 29. dxc6 Rc8 30. Rc1 Ke5 31. Kf2 d5 32. exd5 Kxd5 33. c7 Kd6 34. f4 Rxc7 35. Rxc7 Kxc7 36. Ke3 Kc6 37. Ke4 Kb5 38. g4 Ka4 39. f5 1-0

[Event "Chigorin Memorial 24th"]
[Site "St Petersburg"]
[Date "2016.10.16"]
[Round "2"]
[White "Nasibullin, Iskander"]
[Black "Ismagilov, Igor"]
[Result "1-0"]
[WhiteElo "2085"]
[BlackElo "1775"]
[PlyCount "85"]
[EventDate "2016.10.15"]
[EventType "swiss"]
[EventRounds "9"]
[EventCountry "RUS"]
[SourceTitle "CBM 175 Extra"]
[Source "ChessBase"]
[SourceDate "2016.12.12"]
[SourceVersion "1"]
[SourceVersionDate "2016.12.12"]
[SourceQuality "1"]

1. e4 c5 2. Nf3 Nc6 3. d4 cxd4 4. Nxd4 g6 5. Nb3 Bg7 6. Nc3 Nf6 7. Be2 0-0 8. 0-0 Qc7 9. Re1 a6 10. Bg5 d6 11. Bf1 Qd8 12. Nd5 Nxd5 13. exd5 Ne5 14. c3 f6 15. Be3 Ng4 16. Bd4 Bd7 17. Qe2 Re8 18. Qc4 Qc8 19. Qb4 Nh6 20. Rad1 Nf5 21. Bb6 Bh6 22. Re4 Qb8 23. Na5 Kf7 24. Bc4 Bg7 25. Bb3 h5 26. Rde1 Nh6 27. Nc6 Qc8 28. Rxe7+ Rxe7 29. Rxe7+ Kf8 30. Qxd6 Nf5 31. Qxd7 bxc6 32. d6 Qxd7 33. Rxd7 Re8 34. g3 h4 35. Rf7+ Kg8 36. d7 Re1+ 37. Kg2 Nd6 38. d8Q+ Ne8 39. Rf8+ Kxf8 40. Bc5+ Re7 41. gxh4 g5 42. hxg5 f5 43. Bxe7# 1-0

[Event "Chigorin Memorial 23rd"]
[Site "St Petersburg"]
[Date "2015.10.07"]
[Round "5"]
[White "Nechaev, Oleg"]
[Black "Nasibullin, Iskander"]
[Result "1-0"]
[WhiteElo "2330"]
[BlackElo "2075"]
[PlyCount "121"]
[EventDate "2015.10.03"]
[EventType "swiss"]
[EventRounds "9"]
[EventCountry "RUS"]
[SourceTitle "CBM 168 Extra"]
[Source "ChessBase"]
[SourceDate "2015.10.29"]
[SourceVersion "1"]
[SourceVersionDate "2015.10.29"]
[SourceQuality "1"]

1. Nf3 d5 2. g3 e6 3. Bg2 c5 4. c4 Nf6 5. 0-0 Nc6 6. d4 Be7 7. dxc5 Bxc5 8. a3 a6 9. b4 Be7 10. Nbd2 0-0 11. Bb2 Qb6 12. Qc2 Rd8 13. Rfd1 Ng4 14. e3 Bf6 15. Rac1 Bd7 16. cxd5 exd5 17. Nb3 Be6 18. Nc5 Rac8 19. Bxf6 Nxf6 20. Nd4 Bg4 21. Rd2 Ne5 22. h3 Bh5 23. f4 Nc4 24. Rd3 h6 25. Rc3 Re8 26. Qf2 Rcd8 27. e4 Nd6 28. exd5 Nde4 29. Nxe4 Nxe4 30. Bxe4 Rxe4 31. Rc5 Qf6 32. Nf3 Bxf3 33. Qxf3 Qd4+ 34. Qf2 Qxf2+ 35. Kxf2 Rd4 36. Ke3 R4xd5 37. Rxd5 Rxd5 38. Rc8+ Kh7 39. Rc7 Rb5 40. Kd4 Kg6 41. Kc4 Rh5 42. h4 b5+ 43. Kd4 Rf5 44. Rc6+ Kh5 45. Rxa6 Kg4 46. a4 bxa4 47. Ra5 Rf6 48. b5 Kxg3 49. Kc5 Kxh4 50. Rxa4 Kg4 51. b6 Rxb6 52. Kxb6 f5 53. Kc5 h5 54. Kd5 h4 55. Ke5 h3 56. Ra7 g6 57. Rg7 Kh5 58. Rh7+ Kg4 59. Rh6 g5 60. Rg6 h2 61. Rxg5+ 1-0

[Event "Chigorin Memorial 22nd"]
[Site "St Petersburg"]
[Date "2014.10.19"]
[Round "2"]
[White "Nasibullin, Iskander"]
[Black "Puzko, Danila"]
[Result "1-0"]
[WhiteElo "1907"]
[BlackElo "2154"]
[PlyCount "61"]
[EventDate "2014.10.18"]
[EventType "swiss"]
[EventRounds "9"]
[EventCountry "RUS"]
[SourceTitle "EXT 2015"]
[Source "ChessBase"]
[SourceDate "2014.11.20"]
[SourceVersion "1"]
[SourceVersionDate "2014.11.20"]
[SourceQuality "1"]

1. e4 e6 2. d4 d5 3. Nd2 Nf6 4. e5 Nfd7 5. c4 dxc4 6. Nxc4 Nb6 7. Nf3 Nd5 8. Bd3 Be7 9. 0-0 b6 10. Bd2 0-0 11. Qe2 Bb7 12. Rac1 Nd7 13. Qe4 g6 14. Qg4 Qb8 15. Bh6 Re8 16. Ng5 Bf8 17. Bxf8 Nxf8 18. Ne4 Kg7 19. Nf6 a5 20. Be4 Ne7 21. Bb1 Qa7 22. Ne3 Rac8 23. Rfd1 Qb8 24. Qg5 Ng8 25. Neg4 Nd7 26. Rc3 h6 27. Nh5+ Kf8 28. Nxh6 Ne7 29. Nf4 c5 30. Nxf7 Kxf7 31. Bxg6+ 1-0